Jak (nejen) udržet zákazníka v éře digitální transformace

Udržanie záujmu zákazníka ma mnoho foriem. Môže to byť stratégia, originálna myšlienka, alebo systémy, ktoré to umožňujú. Trendom sú rôzne digitálne prvky ako napr. marketingový cloud.

Salvato in:
Dettagli Bibliografici
Autore principale: Vrána, Ivo
Natura: Capitolo di libro
Lingua:ceco
Soggetti:
Tags: Aggiungi Tag
Nessun Tag, puoi essere il primo ad aggiungerne!!

MARC

LEADER 00000naa a2200000 4500
001 0234566
005 20220805074056.3
041 0 |a cze 
044 |a CZ 
245 1 0 |a Jak (nejen) udržet zákazníka v éře digitální transformace  |c Ivo Vrána 
520 |a Udržanie záujmu zákazníka ma mnoho foriem. Môže to byť stratégia, originálna myšlienka, alebo systémy, ktoré to umožňujú. Trendom sú rôzne digitálne prvky ako napr. marketingový cloud. 
610 2 0 |a cloud computing 
610 2 0 |a digitalizácia 
610 2 0 |a zákazníci 
610 2 0 |a stratégia investičná 
610 2 0 |a stratégia marketingová 
100 1 |a Vrána, Ivo